000
00289nam a22001337a 4500
008
170707b xxu||||| |||| 00| 0 eng d
020
_a
9780486284736
041
_a
eng
080
_a
82
100
_a
22
101
_a
GJL
245
_a
PRIDE AND PREJUDICE
_c
AUSTEN.J
942
_2
udc
_c
BK
999
_c
20027
_d
20027